Macroeconomics / (Record no. 1991)

MARC details
000 -LEADER
fixed length control field 01119cam a2200181 a 4500
020 ## - INTERNATIONAL STANDARD BOOK NUMBER
ISBN 9780073362465 (pbk. : alk. paper)
020 ## - INTERNATIONAL STANDARD BOOK NUMBER
ISBN 0073362468 (pbk. : alk. paper)
050 00 - CALL NUMBER
Classification number HB172.5
Item number .S554
100 1# - AUTHOR
Personal name Slavin, Stephen L.
245 10 - TITLE
Title Macroeconomics /
Statement of responsibility, etc Stephen L. Slavin.
250 ## - EDITION
Edition statement 9th ed.
260 ## - PUBLICATION INFORMATION
Place of publication Boston :
Name of publisher McGraw-Hill/Irwin,
Year of publication c2009.
300 ## - DESCRIPTION
Number of Pages xxiii, 533 p. :
Other physical details ill. ;
Dimensions 28 cm.
500 ## - NOTES
General note Includes index.
505 ## - FORMATTED CONTENTS NOTE
Table of Content A brief economic history of the United States --<br/>Resource utilization --<br/>Supply and demand --<br/>The mixed economy --<br/>The household-consumption sector --<br/>The business-investment sector --<br/>The government sector --<br/>The Export-import sector --<br/>Gross domestic product --<br/>Economic fluctuations, unemployment, and inflation --<br/>Classical and keynesian economics --<br/>Fiscal policy and the national debt --<br/>Money and banking --<br/>The Federal reserve and monetary policy --<br/>A century of economic theory --<br/>Economic growth and productivity --<br/>Income distribution and poverty --<br/>International trade --<br/>International finance.
650 #0 - SUBJECTS
Topical Term Macroeconomics.
942 ## - ADDED ENTRY ELEMENTS (KOHA)
Koha item type Books
Holdings
Withdrawn status Lost status Collection code Home library Current library Shelving location Date acquired Full call number Accession Number Copy number Koha item type
    Reference Methodist University Library Main Methodist University Library Main General Stacks   HB172.5 .S554 39800 1 Books
Copyright © 2026  MUG Library